000 00325nam a2200145Ia 4500
999 _c10474
_d10474
003 OSt
005 20220413122142.0
008 220318s9999 xx 000 0 und d
020 _a9789389393392
082 _a363.700954
100 _aGosh Roy
245 0 _aApplied environmental science
260 _bMedtech
942 _2ddc